Red Hot Chili Peppers - Sudden Death - Statistics

General Stats
  • This quiz has been taken 568 times
  • The average score is 5 of 17
Answers on the Grid
Answers color-coded by a green-red scale on the quiz's grid according to % correct below.
Californication
By the Way
Body of Water
Dream On
Charlie
California, Rest in Peace
Death of a Martian
Where I Go
Under the Bridge
Sweet 16
Yertle the Turtle
Stone Cold Bush
I could have died
Breaking the Girl
Apache Peacock
Mellowship Slinky in B Minor
We Turn Red
Hanalei
Drum Show
Nevermind
Part of my Design
Did I Let You Know
Open/Close
Nobody Weird Like Me
Sitting at the Corner
Wet Sand
The Adventures of Rain Dance Peggy
Otherwise
Lately
Standing in Line
 
Answer Stats
Answer % Correct
Californication
97%
Under the Bridge
79%
By the Way
78%
Charlie
38%
Breaking the Girl
34%
Death of a Martian
26%
Wet Sand
22%
Yertle the Turtle
19%
Stone Cold Bush
16%
We Turn Red
12%
Lately
7%
Nevermind
7%
Body of Water
6%
Did I Let You Know
6%
Nobody Weird Like Me
6%
Hanalei
4%
Open/Close
3%
No matching quizzes found
Score Distribution
Percent of People with Each Score
Percentile by Number Answered
Your Score History
You have not taken this quiz